000 00444nam a2200145Ia 4500
008 240729s9999 xx 000 0 und d
245 0 _aJournal of Mechanical Engineering and Technology
260 _aMalaysia
260 _bUniversiti Teknikal Malaysia Melaka
650 _a Mechanical engineering and machinery
650 _aTechnology
856 _uhttps://doaj.org/toc/16ad126c860e4acc92256ce0f7aee537
942 _2ddc
942 _cDOAJEJ
999 _c70518
_d70518
945 _a1
_bMadushi Gamage
_c1
_dMadushi Gamage